000 00284nam a22001217a 4500
008 230522b |||||||| |||| 00| 0 eng d
082 _a616.865 TARH
100 _aTARGET,George
245 _aHow to stop smoking
260 _aDelhi
_bSudha Publ.
300 _a103p.
942 _2ddc
_cBK
999 _c2885
_d2885